Представление документа в формате RUSMARC

ПолеНазваниеЗначение
  Тип записи a
  Библиографический уровень m
001 Контрольный номер RU/SLIB/B/208707929
005 Дата корректировки 20241022084310.7
010 Индекс ISBN __
d Цена 14-00
101 Язык документа __
a Язык текста rus
c Язык оригинала rus
200 Заглавие и сведения об ответственности 0_
a Заглавие Нравственность есть правда
f Первые сведения об ответственности В. М. Шукшин ; сост. Л. Н. Федосеева-Шукшина ; вступ. ст. Л. А. Аннинского ; худож.: А. П. Черенков
b Общее обозначение материала Текст
210 Выходные данные __
a Место издания М.
c Издательство Совет. Россия
d Дата издания 1979
215 Физическое описание __
a Объем 174 с.
c Иллюстрации/тип воспроизводства ил.
606 Тематические рубрики __
a Основная рубрика Художественная литература
606 Тематические рубрики __
a Основная рубрика Русская литература XX в. (произведения)
610 Ключевые слова __
a Ключевые слова проза
686 Индексы других классификаций __
2 Код системы rubbks
a Классификационный индекс 84(2Рос=Рус)6-4
700 Автор _1
a Фамилия Шукшин
b Имя В. М.
g Полное личное имя Василий Макарович
4 Код отношения 070
702 Вторичная интеллектуальная ответственность _1
a Фамилия Федосеев-Шукшин
b Имя Л. Н.
4 Код отношения Составитель
702 Вторичная интеллектуальная ответственность _1
a Фамилия Аннинский
b Имя Л. А.
4 Код отношения Автор предисловия и т.д.
702 Вторичная интеллектуальная ответственность _1
a Фамилия Черенков
b Имя А. П.
4 Код отношения Художник
801 Источник записи _0
a Страна RU
b Организация Муниципальное бюджетное учреждение культуры "Централизованная библиотечная система" г. Сургут (Центральная городская библиотека им. А. С. Пушкина)
g Правила каталогизации ОБ/Бутенко
801 Источник записи _1
a Страна RU
b Организация Муниципальное бюджетное учреждение культуры "Централизованная библиотечная система" г. Сургут (Центральная городская библиотека им. А. С. Пушкина)
g Правила каталогизации ОБ/Бутенко
852 Данные о местонахождении __
j Шифр хранения 84(2Рос=Рус)6-4
c Каталожный индекс 84(2Рос=Рус)6-4
i Авторский знак Ш 95
p Инвентарный номер 75416
901 Тип документа __
t Тип документа m
903 Характеристики (МАРС) __
a Дата передачи 20000220
990 Данные о заказе (DOS) 00
j Количество экземпляров (DOS) 1
t N записи в КСУ для И/У (DOS) 200001